| 000 | 01611nam a2200397Ii 4500 | ||
|---|---|---|---|
| 001 | DIGUNAU0223 | ||
| 003 | NyNyDIG | ||
| 006 | m o d | ||
| 007 | cr ||||||||||| | ||
| 008 | 230601s2011 ck ob 001 0 spa d | ||
| 035 | _a(OCoLC)1381688071 | ||
| 040 |
_aDGITA _beng _erda _epn _cDGITA |
||
| 020 | _z9789588366272 | ||
| 050 | 1 | 4 | _aPQ8168 ebook |
| 100 | 1 |
_aGutiérrez Girardot, Rafael, _d1928-2005, _eauthor. |
|
| 245 | 1 | 0 |
_aEnsayos sobre literatura colombiana. _nI / _cRafael Gutiérrez Girardot ; edición al cuidado de Juan Guillermo Gómez García. |
| 264 | 1 |
_aMedellín : _bEdiciones UNAULA, _c[2011] |
|
| 300 | _a1 online resource. | ||
| 336 |
_atext _btxt _2rdacontent |
||
| 337 |
_acomputer _bc _2rdamedia |
||
| 338 |
_aonline resource _bcr _2rdacarrier |
||
| 347 |
_atext file _2rdaft |
||
| 347 | _bPDF | ||
| 490 | 1 | _aTierra Baldía | |
| 504 | _aIncludes bibliographical references and index. | ||
| 588 | 0 | _aOnline resource; title from PDF title page (Digitalia, viewed June 1, 2023) | |
| 650 | 0 |
_aColombian literature _y20th century _xHistory and criticism. |
|
| 700 | 1 |
_aGómez García, Juan Guillermo, _eeditor. |
|
| 791 | 2 |
_aDigitalia (Firm), _edistributor. |
|
| 793 | 0 |
_gDigitalia eBook Collection: _aEdiciones UNAULA |
|
| 776 | 0 | 8 |
_iPrint version: _aGutiérrez Girardot, Rafael, 1928-2005. _tEnsayos sobre literatura colombiana. I. _bPrimera edición. _dMedellín : Ediciones UNAULA, 2011 _z9789588366272 |
| 830 | 0 | _aTierra Baldía. | |
| 856 | 4 | 0 |
_3Digitalia Hispánica _uhttps://www.digitaliapublishing.com/a/125735/ |
| 910 | _aPremium collection: 2023 | ||
| 942 | _cRAA | ||
| 999 |
_c277596 _d277596 |
||